00930nam a2200253Ia 4500003000400000005001700004008004100021020001800062040001800080041000800098082002000106100003100126245009000157250001200247260004300259300002500302650005300327650005100380650005100431700002900482942002900511999001900540952011700559OSt20260202100758.0210716s2010 xx 000 0 und d a9788131509739 cAIMIT LIBRARY aeng a338.5 21bBAUW aBaumol, William J.9253457 aMicroeconomics : btheory and applications /cBy William J Baumol and Alan S Blinder. a1st ed. aNew Delhi :bCengage Learning ,c2010. a448p. ;bPBc24.4 cm aThe building blocks of demand and supply9253458 aThe virtues and limitations of markets9253459 aThe united states in the world economy9253460 aBlinder, Alan S.9253461 2ddccBKe1stk338.5 BAUW c182455d182455 001040708MCAaAIMITbAIMITd2021-07-16eDonatedl0o338.5 BAUWpMCA01963r2025-07-21 00:00:00w2021-07-16yBK